000
00457nam a2200157Ia 4500
003
LDD
008
190117s9999 xx 000 0 und d
020
_c
₹26
040
_c
LDD
041
_a
hi
100
_a
नगेन्द्र
245
0
_a
कामायनी के अध्ययन की समस्याएँ
_c
नगेन्द्र
260
_a
नई दिल्ली
_b
नेशनल
_c
1987
300
_a
61
942
_2
ddc
_c
H
999
_c
161887
_d
161887